| 000 | 00332nam a2200121Ia 4500 | ||
|---|---|---|---|
| 008 | 220120s9999||||xx |||||||||||||| ||und|| | ||
| 082 | _a620.004 CAD | ||
| 100 | _aCADD Center | ||
| 245 | 0 | _aAuto CAD release 13 training reference guide step 1 | |
| 260 |
_aCADD Center _bNew Delhi _c1997 |
||
| 300 |
_a480p. _b285 |
||
| 650 | _aCIRCUITRY | ||
| 999 |
_c137584 _d137584 |
||